Social conflicts over new religious movements /

Gespeichert in:
Bibliographische Detailangaben
1. Verfasser: Robbins, Thomas
Format: Text
Tags: Tag hinzufügen
Keine Tags, Fügen Sie den ersten Tag hinzu!

MARC

LEADER 00000 a a2200000 04500
001 48514
003
040
100 |a Robbins, Thomas  
245 |a Social conflicts over new religious movements /  |c Thomas Robbins  
500 |a Capítulo 6 de la revista que incluye los temas: "Patterns of conflict", "Church, state and cult", "Cults and competitors", "The Jonestown tragedy", "Violence and NRMs", y la conclusión del capítulo.  
773 |g volumen 36, número 1, (1988), páginas 161-189  
999 |c 26894  |d 26894